| 000 | 00569nam a2200181 4500 | ||
|---|---|---|---|
| 001 | 149117 | ||
| 003 | ES-MaACL | ||
| 005 | 20230906202946.0 | ||
| 007 | t| | ||
| 008 | 070214s1964 mx r ||||1| spa d | ||
| 100 | 1 |
_aSweezy, Paul M. _9108935 |
|
| 245 | 1 | 0 |
_aTeoría del desarrollo capitalista / _cPaul M. Sweezy ; [versión de Hernán Laborde]. |
| 250 | _a[4ª ed.]. | ||
| 260 |
_aMéxico [etc.] : _bFondo de Cultura Económica, _c[1964] ( _fLitoarte) |
||
| 300 |
_a431 p. ; _c21 cm. |
||
| 700 | 1 |
_aLaborde, Hernán. _969249 |
|
| 852 |
_aES-MaACL _jC-34679 _bR.67408 |
||
| 999 |
_c149117 _d149117 |
||